000 04510cam a22013334i 4500
003 PE-LiUPU
005 20250813185413.0
008 180522s2014 ck a rb 001 0 spa d
020 _a9587781295
020 _a9789587781298
035 _a(Sirsi) a240932
040 _aPE-LiUPU
_bspa
_cPE-LiUPU
_dPE-LiUPU
_erda
049 _aPRUA
082 0 4 _a333.79
_bV39
_220
100 1 _aVega de Kuyper, Juan Carlos,
_eautor.
245 _aFuentes de energía :
_brenovables y no renovables aplicaciones /
_cJuan Carlos Vega de Kuyper, Santiago Ramírez Morales.
250 _a1a Edición.
264 1 _aMéxico :
_bAlfaomega,
_c2014.
300 _a668 páginas :
_bIlustraciones ;
_c23 centímetros
336 _atext
_2rdacontent
337 _aunmediated
_2rdamedia
338 _avolume
_2rdacarrier
504 _aBibliografía: páginas 635-650.
504 _aÍndice: páginas 651-668.
505 0 _aConceptos básicos sobre energía -- Recursos naturales --Energía eléctrica -- Energía Electroquímica Fuentes de energías no renovables aplicaciones -- Energía térmica -- Energía nuclear -- Fuentes de energía renovables aplicaciones -- La tierra y la biósfera -- Energía solar -- Enegía de la biomasa -- La atmósfera y la energía eólica -- La hidrósfera y la energía hidráulica -- Otras fuentes de energía renovables aplicaciones -- Energía del mar -- Energía geotérmica -- Empleo eficiente y sustentable de la energía.
526 _aP202
526 _aP201
526 _aP163
526 _aP162
526 _aP161
526 _aP160
526 _aP148
526 _aP147
526 _aP146
526 _aP145
526 _aP144
526 _aP143
526 _aP142
526 _aP141
526 _aP140
526 _aP139
526 _aP138
526 _aP137
526 _aP136
526 _aP135
526 _aP134
526 _aP133
526 _aP129
526 _aP128
526 _aP127
526 _aP120
526 _aP119
526 _aP118
526 _aP116
526 _aP115
526 _aP114
526 _aP110
526 _aP109
526 _aP108
526 _aP104
526 _aP103
526 _aP102
526 _aP99
526 _aP98
526 _aP97
526 _aP96
526 _aP95
526 _aP93
526 _aP90
526 _aP89
526 _aP88
526 _aP83
526 _aP82
526 _aP62
526 _aP59
526 _aP58
526 _aP57
526 _aP51
526 _aP49
526 _aP48
526 _aP47
526 _aP29
526 _aP24
526 _aP20
526 _aP19
526 _aP17
526 _aP15
526 _aP14
526 _aP12
526 _aP10
526 _aP09
526 _aP08
526 _aP07
526 _aP06
526 _aP05
526 _aP04
526 _aP01
541 _g0001-0042330;
541 _g002-00000048;
650 0 4 _aConservación de la energía.
650 0 4 _aRecursos energéticos renovables.
650 0 4 _aConsumo de energía.
700 1 _aRamírez Morales, Santiago,
_eautor.
910 _adbm
_bmarg
_cmarg
_d20180111
910 _adbm
_bcsm
_ccsm
_d20180522
942 _2ddc
_cBOOK
994 _aC0
_bPEPRU
596 _a1
999 _a333.79 V39
_wDEWEY
_c26611
_i78046
_d26611
_e2019-5-2
_f2021-11-9
_g4
_lCCODEBUL1
_mBUL
_n5
_p40.67
_r0
_sY
_tBOOK
_u2018-1-11
_xINGENIERIA
_PP24
_0COMPRA
_o.STAFF. Colección Ingeniería y Arquitectura
999 _a333.79 V39
_wDEWEY
_c2
_i78693
_d2018-8-28
_e2018-8-28
_f2018-5-28
_g1
_kCHECKEDOUT
_lCCODEBUL1
_mBUL
_n1
_p39.63
_rM
_sY
_tBOOK
_u2018-5-22
_xINGENIERIA
_PP24
_0COMPRA
_1FCOMPRA
_o.STAFF. Colección Ingeniería y Arquitectura
999 _a333.79 V39
_wDEWEY
_c3
_i78694
_f2021-11-9
_g4
_lCCODEBUL1
_mBUL
_p39.63
_r0
_sY
_tBOOK
_u2018-5-22
_xINGENIERIA
_PP24
_0COMPRA
_1FCOMPRA
_o.STAFF. Colección Ingeniería y Arquitectura
999 _a333.79 V39
_wDEWEY
_c4
_i78695
_f2021-11-9
_g4
_lCCODEBUL1
_mBUL
_p39.63
_r0
_sY
_tBOOK
_u2018-5-22
_xINGENIERIA
_PP24
_0COMPRA
_1FCOMPRA
_o.STAFF. Colección Ingeniería y Arquitectura
999 _a333.79 V39
_wDEWEY
_c5
_i78696
_d2019-5-16
_f2021-11-9
_g5
_lCCODEBUL1
_mBUL
_p39.63
_q1
_r0
_sY
_tBOOK
_u2018-5-22
_xINGENIERIA
_PP24
_0COMPRA
_1FCOMPRA
_o.STAFF. Colección Ingeniería y Arquitectura
980 _81
_gALBERTO SANCHEZ Responsable de Automatización